|
|
|
|
| LEADER |
00000nab a2200000 a 4500 |
| 001 |
vtls000724185 |
| 003 |
SK-MaSNL |
| 005 |
20260303202547.0 |
| 008 |
040806c2000 xo 0 slo |
| 015 |
|
|
|a SNBRB2000/06-15233
|
| 035 |
|
|
|a CLN000076349
|
| 040 |
|
|
|a SNKBUCL
|b slo
|c SNKBUCL
|e AACR2
|
| 041 |
0 |
|
|a slo
|
| 044 |
|
|
|a xo
|c SK
|
| 080 |
|
|
|a 329.7(437.6)HZDS:342.511(437.6)
|2 UDC-MRF-SK2
|
| 080 |
|
|
|a 342.511(437.6):329.7(437.6)HZDS
|2 UDC-MRF-SK2
|
| 100 |
1 |
|
|a Smolec, Maroš,
|d 1974-
|4 aut
|9 192878
|
| 245 |
1 |
0 |
|a Alternatíva pre Slovensko: dočasná vláda
|b prezident Schuster sa bude snažiť o to, aby ...
|c Maroš Smolec
|
| 300 |
|
|
|b Fotogr.
|
| 610 |
1 |
7 |
|a Slovensko.
|b Prezident (1999-2004 : Schuster)
|2 snkbucl
|9 97532
|
| 610 |
2 |
7 |
|a Hnutie za demokratické Slovensko
|2 snkbucl
|9 14440
|
| 648 |
|
7 |
|a 11.5.2000
|2 snkbucl
|9 1234397
|
| 655 |
|
7 |
|a články z novín a časopisov
|2 snkbucl
|9 267496
|
| 773 |
0 |
|
|x 1335-4698
|t Slovenská republika
|g Roč. 8, č. 108 (12.5.2000), s. 1-2
|
| 850 |
|
|
|a Slovenská národná knižnica v Martine
|
| 852 |
|
|
|a SNK
|b KIS3GCP
|
| 958 |
|
|
|a SK
|
| 999 |
|
|
|c 2180313
|d 2182243
|